00785naa a2200169 a 450000100080000000500110000800800410001910000170006024501220007726000090019952001830020865300190039165300200041065300110043065300200044177301540046111230122015-02-09 1983 bl uuuu u00u1 u #d1 aPETRI, J. L. aCARACTER??STICAS DE FRUTIFICA????O DA MACIEIRA (Malus domestica Bork) NO PLANALTO CATARINENSE.h[electronic resource] c1983 aEm geral a macieira apresenta a caracter??stica de produzir em gemas de dois ou mais anos; por??m, em determinadas situa????es, pode produzir em gemas do crescimento de um ciclo. aGemas laterais aGemas terminais aMa???? aMalus domestica tIn: CONGRESSO BRASILEIRO DE FRUTICULTURA, 7., 1983, Florian??polis . Anais... Florian??polis: Sociedade Brasileira de Fruticultura, 1983. p. 749-759.